Mesa cultural

Na minha lista:
Detalhes bibliográficos
Autor Corporativo: Instituto de Cooperación Iberoaméricana
Formato: Texto
Publicado em: Madrid: Huertas
Tags: Adicionar Tag
Sem tags, seja o primeiro a adicionar uma tag!

MARC

LEADER 00000 a a2200000 04500
001 25461
003
040
090 |a 152524  
110 |a Instituto de Cooperación Iberoaméricana  
245 |a Mesa cultural  
260 |a Madrid:   |b Huertas  
300 |a 516 p.   |b il.  
999 |c 13833  |d 13833